[Event "I mi?dzynarodowy turniej szachowy"]
[Site "Jastrzebie-Zdroj"]
[Date "2018.08.19"]
[Round "3.4"]
[White "Tymrakiewicz, Rafal"]
[Black "Oborski, Artur"]
[Result "1/2-1/2"]
[BlackElo "1988"]
[WhiteElo "2192"]
[LiveChessVersion "1.4.8"]

1. d4 {[%clk 1:28:00]} Nf6 {[%clk 1:30:42]} 2. Nf3 {[%clk 1:25:58]} d5
{[%clk 1:31:00]} 3. e3 {[%clk 1:23:07]} c5 {[%clk 1:30:52]} 4. c3
{[%clk 1:18:58]} e6 {[%clk 1:28:39]} 5. Nbd2 {[%clk 1:16:26]} Nc6
{[%clk 1:26:44]} 6. a3 {[%clk 1:10:44]} a5 {[%clk 1:16:34]} 7. Bb5
{[%clk 1:06:33]} Bd7 {[%clk 1:15:40]} 8. O-O {[%clk 1:06:38]} Bd6
{[%clk 1:12:37]} 9. Qe2 {[%clk 1:04:49]} O-O {[%clk 1:08:28]} 10. dxc5
{[%clk 0:51:27]} Bxc5 {[%clk 1:08:30]} 11. e4 {[%clk 0:51:40]} Qb6
{[%clk 0:55:11]} 12. a4 {[%clk 0:51:26]} Ne7 {[%clk 0:44:50]} 13. Bd3
{[%clk 0:47:36]} Ng6 {[%clk 0:44:23]} 14. g3 {[%clk 0:42:55]} dxe4
{[%clk 0:32:29]} 15. Nxe4 {[%clk 0:41:17]} Nxe4 {[%clk 0:32:50]} 16. Bxe4
{[%clk 0:41:24]} Bc6 {[%clk 0:33:01]} 17. Ng5 {[%clk 0:37:02]} Bxe4
{[%clk 0:32:31]} 18. Nxe4 {[%clk 0:36:50]} Be7 {[%clk 0:30:24]} 19. Be3
{[%clk 0:29:18]} Qc6 {[%clk 0:30:19]} 20. Nd2 {[%clk 0:28:15]} Rfd8
{[%clk 0:25:31]} 21. Qc4 {[%clk 0:19:11]} Ne5 {[%clk 0:23:36]} 22. Qxc6
{[%clk 0:19:31]} bxc6 {[%clk 0:23:54]} 23. Kg2 {[%clk 0:18:27]} Rab8
{[%clk 0:18:54]} 24. Ra2 {[%clk 0:17:54]} Rb7 {[%clk 0:18:05]} 25. h3
{[%clk 0:15:31]} c5 {[%clk 0:14:42]} 26. f4 {[%clk 0:05:32]} Nc6 {[%clk 0:13:38]}
27. Nc4 {[%clk 0:05:45]} f5 {[%clk 0:09:21]} 28. Kf3 {[%clk 0:05:26]} Rd5
{[%clk 0:08:56]} 29. Ke2 {[%clk 0:04:04]} g6 {[%clk 0:08:24]} 30. Rd1
{[%clk 0:03:19]} Kf7 {[%clk 0:07:08]} 31. Raa1 {[%clk 0:03:29]} Rxd1
{[%clk 0:06:13]} 32. Rxd1 {[%clk 0:03:44]} e5 {[%clk 0:06:04]} 33. Rd2
{[%clk 0:00:54]} e4 {[%clk 0:05:05]} 34. Kd1 {[%clk 0:01:13]} Ke6
{[%clk 0:04:54]} 35. Kc2 {[%clk 0:01:41]} Rb8 {[%clk 0:04:17]} 36. Na3
{[%clk 0:01:31]} Rb7 {[%clk 0:03:40]} 37. Nb5 {[%clk 0:01:08]} Na7
{[%clk 0:03:12]} 38. Na3 {[%clk 0:00:41]} Nc6 {[%clk 0:03:33]} 39. Rh2
{[%clk 0:00:36]} Rb8 {[%clk 0:02:40]} 40. Nc4 {[%clk 0:00:51]} h5
{[%clk 0:02:39]} 41. h4 {[%clk 0:01:08]} Rb7 {[%clk 0:03:00]} 42. Rd2
{[%clk 0:01:28]} Rb8 {[%clk 0:03:15]} 43. Rd1 {[%clk 0:00:56]} Rb7
{[%clk 0:03:27]} 44. Rd2 {[%clk 0:00:44]} Rb8 {[%clk 0:03:51]} 45. Na3
{[%clk 0:01:03]} Rb7 {[%clk 0:03:56]} 46. Bf2 {[%clk 0:00:49]} Na7
{[%clk 0:03:45]} 47. Bg1 {[%clk 0:00:48]} Nc6 {[%clk 0:04:07]} 48. Nc4
{[%clk 0:00:47]} Rb8 {[%clk 0:03:26]} 49. Rd1 {[%clk 0:01:12]} Rb7
{[%clk 0:03:34]} 50. Be3 {[%clk 0:00:44]} Rb8 {[%clk 0:03:56]} 51. Bc1
{[%clk 0:01:05]} Rb7 {[%clk 0:03:54]} 52. Ne3 {[%clk 0:01:16]} Bf8
{[%clk 0:03:43]} 53. b3 {[%clk 0:01:01]} Rb8 {[%clk 0:03:39]} 54. Ba3
{[%clk 0:01:03]} Rb7 {[%clk 0:03:46]} 55. Rd5 {[%clk 0:00:38]} Rd7
{[%clk 0:03:45]} 56. Rxd7 {[%clk 0:00:49]} Kxd7 {[%clk 0:04:08]} 57. Nc4
{[%clk 0:01:07]} Ke6 {[%clk 0:04:10]} 58. Bc1 {[%clk 0:01:14]} Be7
{[%clk 0:04:04]} 59. Be3 {[%clk 0:01:30]} Bf8 {[%clk 0:04:14]} 60. Nb6
{[%clk 0:00:49]} Be7 {[%clk 0:04:27]} 61. Nc4 {[%clk 0:00:47]} Bf8
{[%clk 0:04:47]} 62. Na3 {[%clk 0:00:40]} Be7 {[%clk 0:04:51]} 63. Nb5
{[%clk 0:00:47]} Kd7 {[%clk 0:05:17]} 64. Bc1 {[%clk 0:00:49]} Bf8
{[%clk 0:05:33]} 65. Kb2 {[%clk 0:00:54]} Be7 {[%clk 0:05:47]} 66. Bd2
{[%clk 0:00:43]} Bf8 {[%clk 0:04:44]} 67. Na3 {[%clk 0:00:42]} Ke6
{[%clk 0:05:00]} 68. Nc2 {[%clk 0:00:49]} Be7 {[%clk 0:04:51]} 69. Ne3
{[%clk 0:00:53]} Bf8 {[%clk 0:05:08]} 1/2-1/2

[Event "I mi?dzynarodowy turniej szachowy"]
[Site "Jastrzebie-Zdroj"]
[Date "2018.08.19"]
[Round "3.5"]
[White "Marcinowski, Zbigniew"]
[Black "Smolka, Marcin"]
[Result "0-1"]
[BlackElo "2170"]
[WhiteElo "2058"]
[LiveChessVersion "1.4.8"]

1. e4 {[%clk 1:30:57]} e5 {[%clk 1:30:53]} 2. Nf3 {[%clk 1:31:22]} Nc6
{[%clk 1:31:19]} 3. Bb5 {[%clk 1:31:47]} a6 {[%clk 1:31:43]} 4. Ba4
{[%clk 1:32:14]} Nf6 {[%clk 1:32:08]} 5. O-O {[%clk 1:32:36]} b5 {[%clk 1:32:23]}
6. Bb3 {[%clk 1:33:01]} Bc5 {[%clk 1:32:48]} 7. a4 {[%clk 1:31:57]} Bb7
{[%clk 1:31:43]} 8. Na3 {[%clk 1:30:08]} O-O {[%clk 1:27:09]} 9. Qe2
{[%clk 1:25:22]} Na5 {[%clk 1:15:04]} 10. Ba2 {[%clk 1:18:18]} b4
{[%clk 1:07:43]} 11. Nc4 {[%clk 1:18:29]} Nxc4 {[%clk 1:07:30]} 12. Qxc4
{[%clk 1:08:39]} Nxe4 {[%clk 1:07:04]} 13. Nxe5 {[%clk 1:07:50]} d5
{[%clk 1:04:14]} 14. Qb3 {[%clk 1:07:12]} Qf6 {[%clk 0:56:08]} 15. Nd3
{[%clk 0:59:52]} Bb6 {[%clk 0:54:56]} 16. a5 {[%clk 0:49:07]} Ba7
{[%clk 0:46:11]} 17. Nxb4 {[%clk 0:41:01]} Nxf2 {[%clk 0:43:45]} 18. d4
{[%clk 0:40:31]} Qxd4 {[%clk 0:43:28]} 19. Be3 {[%clk 0:34:56]} Qxe3
{[%clk 0:43:21]} 20. Qxe3 {[%clk 0:32:48]} Bxe3 {[%clk 0:43:47]} 21. Rxf2
{[%clk 0:33:05]} Rad8 {[%clk 0:42:00]} 22. Kf1 {[%clk 0:32:25]} Bxf2
{[%clk 0:41:50]} 23. Kxf2 {[%clk 0:32:49]} Rfe8 {[%clk 0:39:50]} 24. Nd3
{[%clk 0:31:20]} Bc6 {[%clk 0:40:01]} 25. Rd1 {[%clk 0:24:44]} Bb5
{[%clk 0:39:31]} 26. Nf4 {[%clk 0:24:09]} c6 {[%clk 0:39:39]} 27. Bb3
{[%clk 0:22:57]} Re4 {[%clk 0:39:36]} 28. g3 {[%clk 0:21:14]} Rde8
{[%clk 0:39:48]} 29. h4 {[%clk 0:20:09]} g6 {[%clk 0:39:18]} 30. Rd2
{[%clk 0:16:36]} Kg7 {[%clk 0:39:11]} 31. Kg2 {[%clk 0:15:41]} Re1
{[%clk 0:38:52]} 32. c4 {[%clk 0:12:36]} dxc4 {[%clk 0:38:44]} 33. Bd1
{[%clk 0:12:40]} R1e3 {[%clk 0:36:38]} 34. Bg4 {[%clk 0:10:06]} c3
{[%clk 0:35:52]} 35. bxc3 {[%clk 0:10:24]} Rxc3 {[%clk 0:35:49]} 36. Rd7
{[%clk 0:10:27]} Rc2+ {[%clk 0:36:05]} 37. Kf3 {[%clk 0:09:53]} Be2+
{[%clk 0:34:58]} 38. Nxe2 {[%clk 0:10:07]} Rcxe2 {[%clk 0:34:57]} 39. Ra7
{[%clk 0:09:25]} R8e3+ {[%clk 0:35:15]} 40. Kf4 {[%clk 0:09:32]} Re4+
{[%clk 0:35:40]} 41. Kf3 {[%clk 0:09:53]} R2e3+ {[%clk 0:36:07]} 42. Kf2
{[%clk 0:10:14]} Ra3 {[%clk 0:36:28]} 43. Bc8 {[%clk 0:09:25]} Rb4
{[%clk 0:35:50]} 44. Kg2 {[%clk 0:08:55]} Rb2+ {[%clk 0:35:57]} 45. Kh3
{[%clk 0:08:58]} h5 {[%clk 0:35:49]} 46. Be6 {[%clk 0:09:06]} Ra1
{[%clk 0:34:40]} 0-1

[Event "I mi?dzynarodowy turniej szachowy"]
[Site "Jastrzebie-Zdroj"]
[Date "2018.08.19"]
[Round "3.6"]
[White "Helis, Tadeusz"]
[Black "Wiecek, Pawel"]
[Result "1-0"]
[BlackElo "1910"]
[WhiteElo "2166"]
[LiveChessVersion "1.4.8"]

1. d4 {[%clk 1:26:34]} Nf6 {[%clk 1:30:50]} 2. Nf3 {[%clk 1:26:59]} g6
{[%clk 1:30:40]} 3. Bf4 {[%clk 1:25:49]} Bg7 {[%clk 1:29:41]} 4. e3
{[%clk 1:24:40]} O-O {[%clk 1:26:40]} 5. h3 {[%clk 1:22:51]} d5 {[%clk 1:23:15]}
6. Be2 {[%clk 1:22:17]} c5 {[%clk 1:17:34]} 7. c3 {[%clk 1:20:47]} b6
{[%clk 1:12:24]} 8. a4 {[%clk 1:14:33]} Ba6 {[%clk 1:05:35]} 9. Bxa6
{[%clk 1:10:31]} Nxa6 {[%clk 1:05:56]} 10. Nbd2 {[%clk 1:10:36]} Nb8
{[%clk 1:03:50]} 11. O-O {[%clk 1:07:54]} Nc6 {[%clk 1:00:30]} 12. Ne5
{[%clk 1:07:24]} Nxe5 {[%clk 0:58:35]} 13. Bxe5 {[%clk 1:07:50]} cxd4
{[%clk 0:41:28]} 14. exd4 {[%clk 0:54:52]} Ne8 {[%clk 0:39:09]} 15. Bxg7
{[%clk 0:53:46]} Kxg7 {[%clk 0:39:30]} 16. Re1 {[%clk 0:53:36]} Nd6
{[%clk 0:39:16]} 17. Qe2 {[%clk 0:53:42]} e6 {[%clk 0:37:13]} 18. Qe5+
{[%clk 0:37:00]} Kg8 {[%clk 0:37:34]} 19. Nf3 {[%clk 0:37:23]} Nc4
{[%clk 0:36:29]} 20. Qe2 {[%clk 0:18:05]} Rc8 {[%clk 0:36:44]} 21. h4
{[%clk 0:18:10]} Qf6 {[%clk 0:31:03]} 22. g3 {[%clk 0:13:57]} Rc7
{[%clk 0:30:11]} 23. Nh2 {[%clk 0:13:26]} h5 {[%clk 0:26:05]} 24. Rad1
{[%clk 0:12:44]} Re8 {[%clk 0:21:18]} 25. Kg2 {[%clk 0:10:40]} Rce7
{[%clk 0:20:44]} 26. Qc2 {[%clk 0:07:14]} Rc7 {[%clk 0:18:20]} 27. Nf3
{[%clk 0:07:19]} Rec8 {[%clk 0:17:56]} 28. Re2 {[%clk 0:06:59]} Nd6
{[%clk 0:17:07]} 29. Ng5 {[%clk 0:06:45]} Qf5 {[%clk 0:16:22]} 30. Qc1
{[%clk 0:06:38]} Rc4 {[%clk 0:16:40]} 31. Qa1 {[%clk 0:04:47]} Ne4
{[%clk 0:08:56]} 32. Nxe4 {[%clk 0:05:11]} dxe4 {[%clk 0:09:22]} 33. Rde1
{[%clk 0:05:37]} Qa5 {[%clk 0:09:39]} 34. Rxe4 {[%clk 0:05:56]} Rxa4
{[%clk 0:09:58]} 35. Qc1 {[%clk 0:06:14]} Kg7 {[%clk 0:08:53]} 36. Re5
{[%clk 0:05:42]} Qa6 {[%clk 0:09:14]} 37. Qf4 {[%clk 0:04:24]} Ra1
{[%clk 0:09:05]} 38. Rxa1 {[%clk 0:02:43]} Qxa1 {[%clk 0:09:32]} 39. Re2
{[%clk 0:01:28]} Rd8 {[%clk 0:08:55]} 40. Qe5+ {[%clk 0:01:54]} Kg8
{[%clk 0:09:15]} 41. Qf6 {[%clk 0:01:42]} Rd5 {[%clk 0:09:04]} 42. Rxe6
{[%clk 0:02:04]} Qa4 {[%clk 0:06:57]} 43. Rc6 {[%clk 0:01:38]} Qa6
{[%clk 0:06:55]} 44. Rc7 {[%clk 0:01:58]} Rf5 {[%clk 0:07:10]} 45. Qd8+
{[%clk 0:02:22]} Kg7 {[%clk 0:07:19]} 46. Rc8 {[%clk 0:02:51]} Qb7+
{[%clk 0:07:19]} 47. Kg1 {[%clk 0:03:19]} 1-0

[Event "I mi?dzynarodowy turniej szachowy"]
[Site "Jastrzebie-Zdroj"]
[Date "2018.08.19"]
[Round "3.7"]
[White "Galuszka, Tomasz"]
[Black "Raszka, Janusz"]
[Result "1-0"]
[BlackElo "2140"]
[WhiteElo "2022"]
[LiveChessVersion "1.4.8"]

1. e4 {[%clk 1:30:57]} c5 {[%clk 1:30:39]} 2. Nf3 {[%clk 1:31:20]} e6
{[%clk 1:30:51]} 3. d3 {[%clk 1:31:44]} d5 {[%clk 1:30:59]} 4. Nbd2
{[%clk 1:32:07]} Nc6 {[%clk 1:30:43]} 5. g3 {[%clk 1:32:28]} Nf6 {[%clk 1:30:10]}
6. Bg2 {[%clk 1:32:33]} dxe4 {[%clk 1:27:53]} 7. dxe4 {[%clk 1:32:51]} e5
{[%clk 1:27:47]} 8. O-O {[%clk 1:32:41]} Be7 {[%clk 1:28:01]} 9. Re1
{[%clk 1:32:12]} O-O {[%clk 1:28:18]} 10. c3 {[%clk 1:32:10]} Qc7
{[%clk 1:27:21]} 11. Qc2 {[%clk 1:32:20]} Be6 {[%clk 1:22:49]} 12. Nf1
{[%clk 1:29:36]} Rfd8 {[%clk 1:21:17]} 13. Bg5 {[%clk 1:27:30]} c4
{[%clk 1:18:42]} 14. Bxf6 {[%clk 1:27:04]} Bxf6 {[%clk 1:18:58]} 15. Ne3
{[%clk 1:27:00]} Rd3 {[%clk 1:18:03]} 16. Bf1 {[%clk 1:27:14]} Rad8
{[%clk 1:02:23]} 17. Bxd3 {[%clk 1:25:15]} cxd3 {[%clk 1:02:40]} 18. Qd2
{[%clk 1:24:07]} Na5 {[%clk 1:02:12]} 19. b3 {[%clk 1:22:31]} Qc6
{[%clk 1:02:17]} 20. Nf1 {[%clk 1:07:22]} b6 {[%clk 1:00:08]} 21. Qb2
{[%clk 0:49:32]} g5 {[%clk 0:56:46]} 22. N3d2 {[%clk 0:47:40]} Nb7
{[%clk 0:52:21]} 23. c4 {[%clk 0:45:32]} Bg4 {[%clk 0:43:58]} 24. Ne3
{[%clk 0:39:03]} Be2 {[%clk 0:42:41]} 25. Nd5 {[%clk 0:39:10]} Kg7
{[%clk 0:39:06]} 26. Rxe2 {[%clk 0:35:35]} dxe2 {[%clk 0:39:22]} 27. Nf3
{[%clk 0:35:51]} Nc5 {[%clk 0:33:45]} 28. Qxe2 {[%clk 0:36:08]} Ne6
{[%clk 0:33:33]} 29. h3 {[%clk 0:28:00]} Re8 {[%clk 0:32:36]} 30. Rd1
{[%clk 0:27:06]} Nd4 {[%clk 0:29:36]} 31. Nxd4 {[%clk 0:25:21]} exd4
{[%clk 0:29:54]} 32. Qg4 {[%clk 0:24:49]} Qd6 {[%clk 0:16:37]} 33. Qf5
{[%clk 0:20:15]} Bd8 {[%clk 0:16:51]} 34. Rxd4 {[%clk 0:19:25]} Re5
{[%clk 0:16:30]} 35. Qg4 {[%clk 0:18:17]} b5 {[%clk 0:15:46]} 36. Rd1
{[%clk 0:16:00]} Bb6 {[%clk 0:10:40]} 37. Nxb6 {[%clk 0:14:47]} Qxb6
{[%clk 0:10:56]} 38. Rd5 {[%clk 0:15:00]} Qf6 {[%clk 0:06:21]} 39. h4
{[%clk 0:11:50]} bxc4 {[%clk 0:05:31]} 40. bxc4 {[%clk 0:11:26]} h6
{[%clk 0:05:37]} 41. hxg5 {[%clk 0:11:14]} hxg5 {[%clk 0:05:56]} 42. Kg2
{[%clk 0:10:41]} Qe7 {[%clk 0:05:16]} 43. Rxe5 {[%clk 0:09:32]} Qxe5
{[%clk 0:05:34]} 44. Qf5 {[%clk 0:09:31]} Qe7 {[%clk 0:05:51]} 45. c5
{[%clk 0:09:51]} Kh6 {[%clk 0:04:58]} 46. Qd5 {[%clk 0:09:34]} f6
{[%clk 0:04:27]} 47. e5 {[%clk 0:09:23]} 1-0

[Event "I mi?dzynarodowy turniej szachowy"]
[Site "Jastrzebie-Zdroj"]
[Date "2018.08.19"]
[Round "3.8"]
[White "Berlin, Tatiana"]
[Black "Palczert, Botond"]
[Result "1-0"]
[BlackElo "1898"]
[WhiteElo "2138"]
[LiveChessVersion "1.4.8"]

1. e4 {[%clk 1:31:00]} c5 {[%clk 1:27:23]} 2. Nc3 {[%clk 1:31:29]} Nc6
{[%clk 1:27:30]} 3. Nf3 {[%clk 1:31:28]} g6 {[%clk 1:27:38]} 4. Bc4
{[%clk 1:31:09]} Bg7 {[%clk 1:27:41]} 5. d3 {[%clk 1:30:40]} e6 {[%clk 1:24:51]}
6. Bg5 {[%clk 1:29:00]} Nge7 {[%clk 1:23:27]} 7. O-O {[%clk 1:28:43]} O-O
{[%clk 1:23:06]} 8. Qd2 {[%clk 1:28:21]} d6 {[%clk 1:22:07]} 9. Bh6
{[%clk 1:28:08]} Nd4 {[%clk 1:19:11]} 10. Nxd4 {[%clk 1:24:44]} cxd4
{[%clk 1:19:26]} 11. Bxg7 {[%clk 1:23:53]} Kxg7 {[%clk 1:19:39]} 12. Ne2
{[%clk 1:23:51]} Nc6 {[%clk 1:15:37]} 13. f4 {[%clk 1:23:26]} Bd7
{[%clk 1:09:14]} 14. f5 {[%clk 1:18:04]} exf5 {[%clk 1:01:21]} 15. Ng3
{[%clk 1:18:01]} f4 {[%clk 0:57:48]} 16. Rxf4 {[%clk 1:15:13]} Be6
{[%clk 0:56:37]} 17. Raf1 {[%clk 1:15:05]} Bxc4 {[%clk 0:50:08]} 18. dxc4
{[%clk 1:15:28]} Qb6 {[%clk 0:49:57]} 19. Rh4 {[%clk 1:14:46]} Rh8
{[%clk 0:37:45]} 20. Qh6+ {[%clk 1:13:20]} Kg8 {[%clk 0:38:12]} 21. Nh5
{[%clk 1:10:03]} gxh5 {[%clk 0:36:34]} 22. Qg5+ {[%clk 1:04:58]} Kf8
{[%clk 0:36:49]} 23. Qf6 {[%clk 1:05:00]} Ne5 {[%clk 0:34:40]} 24. Qxh8+
{[%clk 1:01:45]} Ke7 {[%clk 0:35:08]} 25. Qxa8 {[%clk 1:02:07]} d3+
{[%clk 0:34:51]} 26. Kh1 {[%clk 0:53:24]} dxc2 {[%clk 0:32:45]} 27. c5
{[%clk 0:49:01]} dxc5 {[%clk 0:09:43]} 28. Rxh5 {[%clk 0:46:18]} Nd3
{[%clk 0:09:40]} 29. Rhf5 {[%clk 0:45:11]} f6 {[%clk 0:07:17]} 30. Qh8
{[%clk 0:41:03]} c1=Q {[%clk 0:05:58]} 31. Qxh7+ {[%clk 0:41:13]} Ke8
{[%clk 0:05:15]} 32. Qg8+ {[%clk 0:40:03]} Ke7 {[%clk 0:05:11]} 33. Qg7+
{[%clk 0:40:25]} Ke8 {[%clk 0:04:58]} 34. Rxc1 {[%clk 0:40:37]} Nxc1
{[%clk 0:02:49]} 35. Rh5 {[%clk 0:40:49]} 1-0

[Event "I mi?dzynarodowy turniej szachowy"]
[Site "Jastrzebie-Zdroj"]
[Date "2018.08.19"]
[Round "3.9"]
[White "Kraus, Frantisek"]
[Black "Pilch, Roman"]
[Result "1/2-1/2"]
[BlackElo "2129"]
[WhiteElo "1972"]
[LiveChessVersion "1.4.8"]

1. e4 {[%clk 1:21:00]} c5 {[%clk 1:30:39]} 2. Nf3 {[%clk 1:21:18]} e6
{[%clk 1:21:03]} 3. d4 {[%clk 1:21:23]} cxd4 {[%clk 1:21:26]} 4. Nxd4
{[%clk 1:21:49]} a6 {[%clk 1:21:26]} 5. Bd3 {[%clk 1:18:29]} Bc5 {[%clk 1:21:32]}
6. Nb3 {[%clk 1:18:43]} Be7 {[%clk 1:21:46]} 7. Nc3 {[%clk 1:19:05]} b5
{[%clk 1:21:37]} 8. O-O {[%clk 1:16:45]} d6 {[%clk 1:20:04]} 9. a3
{[%clk 1:14:02]} Bb7 {[%clk 1:20:24]} 10. Qe1 {[%clk 1:10:09]} Nd7
{[%clk 1:18:26]} 11. Be3 {[%clk 1:08:58]} Ngf6 {[%clk 1:17:18]} 12. Kh1
{[%clk 1:08:20]} Rc8 {[%clk 1:14:19]} 13. Rd1 {[%clk 1:07:34]} O-O
{[%clk 1:08:56]} 14. f4 {[%clk 1:05:44]} Qc7 {[%clk 1:08:28]} 15. Nd4
{[%clk 1:02:46]} Nb6 {[%clk 1:00:06]} 16. Nf3 {[%clk 1:03:04]} Nfd7
{[%clk 0:45:55]} 17. Qg3 {[%clk 0:58:13]} Nc4 {[%clk 0:39:29]} 18. Bc1
{[%clk 0:52:18]} Bf6 {[%clk 0:35:19]} 19. Bxc4 {[%clk 0:48:47]} bxc4
{[%clk 0:29:40]} 20. e5 {[%clk 0:34:47]} Be7 {[%clk 0:25:25]} 21. f5
{[%clk 0:29:30]} dxe5 {[%clk 0:16:48]} 22. Rxd7 {[%clk 0:28:02]} Qxd7
{[%clk 0:17:16]} 23. Nxe5 {[%clk 0:28:19]} Qd8 {[%clk 0:17:08]} 24. Bh6
{[%clk 0:23:47]} g6 {[%clk 0:15:07]} 25. Bxf8 {[%clk 0:23:46]} Bxf8
{[%clk 0:14:34]} 26. Nxf7 {[%clk 0:21:33]} Qf6 {[%clk 0:11:55]} 27. Nd6
{[%clk 0:21:21]} Bxd6 {[%clk 0:11:16]} 1/2-1/2

[Event "I mi?dzynarodowy turniej szachowy"]
[Site "Jastrzebie-Zdroj"]
[Date "2018.08.19"]
[Round "3.10"]
[White "Holly, Andrej"]
[Black "Bakalarz, Mietek"]
[Result "1-0"]
[BlackElo "2289"]
[WhiteElo "1903"]
[LiveChessVersion "1.4.8"]

1. c4 {[%clk 1:30:57]} e5 {[%clk 1:30:56]} 2. g3 {[%clk 1:31:20]} c6
{[%clk 1:31:18]} 3. d4 {[%clk 1:30:30]} exd4 {[%clk 1:31:41]} 4. Qxd4
{[%clk 1:30:53]} d5 {[%clk 1:32:06]} 5. Bg2 {[%clk 1:30:48]} Nf6 {[%clk 1:30:12]}
6. Nf3 {[%clk 1:29:04]} Be7 {[%clk 1:27:19]} 7. O-O {[%clk 1:27:46]} O-O 8. Nc3
{[%clk 1:19:51]} c5 {[%clk 1:24:27]} 9. Qd3 {[%clk 1:14:31]} d4 {[%clk 1:23:15]}
10. Nd5 {[%clk 1:05:35]} Nxd5 {[%clk 1:20:02]} 11. cxd5 {[%clk 1:06:02]} Na6
{[%clk 1:20:03]} 12. Qb3 {[%clk 0:58:47]} Nc7 {[%clk 1:04:57]} 13. Ne5
{[%clk 0:56:42]} Bf6 {[%clk 0:58:02]} 14. Nd3 {[%clk 0:55:47]} Na6
{[%clk 0:55:56]} 15. Bf4 {[%clk 0:47:37]} Re8 {[%clk 0:53:29]} 16. Rfe1
{[%clk 0:47:21]} g5 {[%clk 0:53:21]} 17. Bd2 {[%clk 0:46:04]} b6 {[%clk 0:49:43]}
18. e3 {[%clk 0:43:05]} dxe3 {[%clk 0:49:09]} 19. Rxe3 {[%clk 0:42:14]} Rxe3
{[%clk 0:49:18]} 20. fxe3 {[%clk 0:40:04]} Rb8 {[%clk 0:45:14]} 21. Bc3
{[%clk 0:35:31]} b5 {[%clk 0:43:53]} 22. Rf1 {[%clk 0:26:19]} Rb6
{[%clk 0:39:20]} 23. Bxf6 {[%clk 0:20:45]} Rxf6 {[%clk 0:39:34]} 24. Rxf6
{[%clk 0:19:53]} Qxf6 {[%clk 0:39:53]} 25. Qxb5 {[%clk 0:20:19]} Qe7
{[%clk 0:32:37]} 26. e4 {[%clk 0:19:31]} f6 {[%clk 0:33:00]} 27. a3
{[%clk 0:15:53]} Kf8 {[%clk 0:33:20]} 28. b4 {[%clk 0:14:33]} cxb4
{[%clk 0:31:50]} 29. axb4 {[%clk 0:14:31]} Qc7 {[%clk 0:17:24]} 30. Nc5
{[%clk 0:10:07]} Qb6 {[%clk 0:16:08]} 31. Qxb6 {[%clk 0:05:39]} axb6
{[%clk 0:16:29]} 32. Nxa6 {[%clk 0:04:57]} Bxa6 {[%clk 0:16:53]} 33. d6
{[%clk 0:04:23]} g4 {[%clk 0:09:00]} 34. Kf2 {[%clk 0:03:21]} Kf7
{[%clk 0:08:27]} 35. Ke3 {[%clk 0:03:00]} Ke6 {[%clk 0:08:48]} 36. Kf4
{[%clk 0:01:35]} Kxd6 {[%clk 0:02:33]} 37. Kf5 {[%clk 0:01:10]} Ke7
{[%clk 0:02:07]} 38. Kxg4 {[%clk 0:01:35]} Bc8+ {[%clk 0:01:24]} 39. Kh5
{[%clk 0:01:56]} 1-0

[Event "I mi?dzynarodowy turniej szachowy"]
[Site "Jastrzebie-Zdroj"]
[Date "2018.08.19"]
[Round "3.11"]
[White "Sulkowski, Dawid"]
[Black "Lipka, Piotr"]
[Result "0-1"]
[BlackElo "1626"]
[WhiteElo "1511"]
[LiveChessVersion "1.4.8"]

1. e4 {[%clk 1:30:58]} c5 {[%clk 1:28:52]} 2. Nf3 {[%clk 1:31:13]} e6
{[%clk 1:29:04]} 3. d4 {[%clk 1:31:34]} cxd4 {[%clk 1:29:24]} 4. Nxd4
{[%clk 1:31:52]} Nf6 {[%clk 1:29:02]} 5. Nc3 {[%clk 1:32:12]} Nc6
{[%clk 1:29:01]} 6. Be3 {[%clk 1:31:27]} Bb4 {[%clk 1:29:01]} 7. f3
{[%clk 1:29:26]} d5 {[%clk 1:28:38]} 8. Nxc6 {[%clk 1:27:29]} bxc6
{[%clk 1:28:04]} 9. e5 {[%clk 1:25:18]} Nd7 {[%clk 1:23:30]} 10. f4
{[%clk 1:23:22]} Qa5 {[%clk 1:21:17]} 11. Qd2 {[%clk 1:15:35]} c5
{[%clk 0:57:15]} 12. a3 {[%clk 1:14:44]} d4 {[%clk 0:56:41]} 13. Bxd4
{[%clk 1:12:15]} cxd4 {[%clk 0:54:17]} 14. Qxd4 {[%clk 1:12:32]} Bxc3+
{[%clk 0:52:00]} 15. bxc3 {[%clk 1:12:38]} Qc5 {[%clk 0:39:40]} 16. Bd3
{[%clk 1:05:49]} Bb7 {[%clk 0:36:22]} 17. a4 {[%clk 1:03:44]} Rc8
{[%clk 0:34:42]} 18. O-O {[%clk 1:02:20]} O-O {[%clk 0:26:18]} 19. Rfe1
{[%clk 0:57:09]} Rc7 {[%clk 0:26:07]} 20. Rad1 {[%clk 0:54:16]} Rfc8
{[%clk 0:21:43]} 21. Kh1 {[%clk 0:51:48]} Qxd4 {[%clk 0:21:03]} 22. cxd4
{[%clk 0:47:40]} Rxc2 {[%clk 0:21:20]} 23. Bxc2 {[%clk 0:47:40]} Rxc2
{[%clk 0:21:48]} 24. Rb1 {[%clk 0:42:27]} Bxg2+ {[%clk 0:21:20]} 25. Kg1
{[%clk 0:42:51]} Bd5 {[%clk 0:19:55]} 26. Rec1 {[%clk 0:41:59]} Rg2+
{[%clk 0:18:41]} 27. Kf1 {[%clk 0:42:23]} h5 {[%clk 0:18:30]} 28. Rc7
{[%clk 0:38:45]} Nb6 {[%clk 0:15:20]} 29. Rxa7 {[%clk 0:38:03]} Nc4
{[%clk 0:14:44]} 30. Rb8+ {[%clk 0:37:55]} Kh7 {[%clk 0:14:39]} 31. a5
{[%clk 0:34:43]} Ne3+ {[%clk 0:14:53]} 32. Ke1 {[%clk 0:35:02]} Bf3
{[%clk 0:14:23]} 33. Rxf7 {[%clk 0:34:06]} Re2# {[%clk 0:14:49]} 0-1